|
|
|
|
| LEADER |
00000nam a2200000 i 4500 |
| 001 |
DIGUCANT0061 |
| 003 |
NyNyDIG |
| 008 |
200721s2018 sp a ob 000 0bspa d |
| 006 |
m o d |
| 007 |
cr ||||||||||| |
| 035 |
|
|
|a (OCoLC)1184757703
|
| 040 |
|
|
|a DGITA
|b eng
|e rda
|e pn
|c DGITA
|
| 020 |
|
|
|a 9788481028614
|q Edición electrónica
|q EUC
|
| 020 |
|
|
|a 8481028614
|q Edición electrónica
|q EUC
|
| 020 |
|
|
|a 9788490442449
|q Edición electrónica
|q UCLM
|
| 020 |
|
|
|a 8490442444
|q Edición electrónica
|q UCLM
|
| 020 |
|
|
|z 9788481028607
|q Edición impresa
|q EUC
|
| 020 |
|
|
|z 8481028606
|q Edición impresa
|q EUC
|
| 020 |
|
|
|z 9788490442432
|q Edición impresa
|q UCLM
|
| 020 |
|
|
|z 8490442436
|q Edición impresa
|q UCLM
|
| 043 |
|
|
|a e-sp---
|
| 050 |
1 |
4 |
|a TR140.A37 ebook
|
| 082 |
0 |
4 |
|a 770.92
|a B
|
| 100 |
1 |
|
|a Sánchez Torija, Beatriz,
|e author.
|
| 245 |
1 |
0 |
|a Fotografía de Casiano Alguacil :
|b monumentos artísticos de España /
|c Beatriz Sánchez Torija.
|
| 264 |
|
1 |
|a Cuenca :
|b Ediciones de la Universidad de Castilla-La Mancha ;
|a Santander :
|b Ediciones Universidad de Cantabria,
|c 2018.
|
| 300 |
|
|
|a 1 online resource :
|b illustrations.
|
| 336 |
|
|
|a text
|b txt
|2 rdacontent
|
| 337 |
|
|
|a computer
|b c
|2 rdamedia
|
| 338 |
|
|
|a online resource
|b cr
|2 rdacarrier
|
| 347 |
|
|
|a text file
|2 rdaft
|
| 347 |
|
|
|b PDF
|
| 490 |
1 |
|
|a Colección Enclaves culturales ;
|v 1
|
| 504 |
|
|
|a Includes bibliographical references.
|
| 588 |
0 |
|
|a Online resource; title from PDF title page (Digitalia, viewed July 21, 2020)
|
| 600 |
1 |
0 |
|a Alguacil, Casiano,
|d 1832-1914.
|
| 650 |
|
0 |
|a Photographers
|z Spain
|z Toledo
|v Biography.
|
| 650 |
|
0 |
|a Photography
|z Spain
|x History.
|
| 650 |
|
0 |
|a Photography, Artistic
|x History.
|
| 655 |
|
7 |
|a Biographies.
|2 lcgft
|
| 655 |
|
0 |
|a Electronic books.
|
| 791 |
2 |
|
|a Digitalia (Firm),
|e distributor.
|
| 793 |
0 |
|
|g Digitalia eBook Collection:
|a Universidad de Cantabria
|
| 776 |
0 |
8 |
|i Print version:
|a Sánchez Torija, Beatriz.
|t Fotografía de Casiano Alguacil.
|d Cuenca : Ediciones de la Universidad de Castilla-La Mancha ; Santander : Editorial de la Universidad de Cantabria, 2018
|z 9788481028607
|w (OCoLC)1077578685
|
| 830 |
|
0 |
|a Colección Enclaves culturales ;
|v no. 1.
|
| 856 |
4 |
0 |
|3 Digitalia Hispánica
|u https://www.digitaliapublishing.com/a/56304/
|
| 910 |
|
|
|a Premium collection: 2020
|